Experimental Algorithms : 13th International Symposium, SEA 2014, Copenhagen, Denmark, June 29 – July 1, 2014 : Proceedings /

Se reúne en esta publicación una selección de las ponencias presentadas en el décimo tercer Simposio Internacional sobre Algoritmos Experimentales, celebrado en Copenhague, Dinamarca, en junio y julio de 2014. Los documentos incluidos abordan líneas temáticas relacionadas con la optimización combina...

Descrizione completa

Salvato in:
Dettagli Bibliografici
Ente Autore: International Symposium on Experimental Algorithms ( Copenhague, Dinamarca)
Altri autori: Gudmundsson, Joachim (edición) (edición), Katajainen, Jyrki (edición) (edición)
Natura: Atti del Convegno Libro
Lingua:inglese
Pubblicazione: Cham, Suiza : Springer, 2014, c2014
Serie:(Lecture Notes in Computer Science ; 8504)
Soggetti:
Accesso online:Ver documento en línea
Tags: Aggiungi Tag
Nessun Tag, puoi essere il primo ad aggiungerne!!

MARC

LEADER 00000nam^a2200000^a^4500
001 000556425
005 20251023000000.0
009 20260310131740.292
020 |a 978-3-319-07959-2 
037 |a Acervo ITESO - Biblioteca 
041 |a ING 
082 |a Libro en línea 
111 |a International Symposium on Experimental Algorithms (  |n 13° :  |d 2014 :  |c Copenhague, Dinamarca) 
245 1 0 |a Experimental Algorithms :  |b 13th International Symposium, SEA 2014, Copenhagen, Denmark, June 29 – July 1, 2014 : Proceedings /  |c Ed. de J. Gudmundsson, J. Katajainen. 
264 4 |a Cham, Suiza :  |b Springer,  |c 2014, c2014 
264 2 |a Cham, Suiza :  |b Springer Link [distribución],  |c 2014, c2014 
300 |a 1 libro electrónico en línea (XX, 450 p.) 
300 |a 1 recurso en línea 
336 |a datos para computadora  |b cod  |2 rdacontenido 
337 |a computadora  |b c  |2 rdamedio 
338 |a recurso en línea  |b cr  |2 rdasoporte 
440 1 |a (Lecture Notes in Computer Science ;  |v 8504) 
506 0 |a Licencias ilimitadas 
520 |a Se reúne en esta publicación una selección de las ponencias presentadas en el décimo tercer Simposio Internacional sobre Algoritmos Experimentales, celebrado en Copenhague, Dinamarca, en junio y julio de 2014. Los documentos incluidos abordan líneas temáticas relacionadas con la optimización combinatoria, estructuras de datos, dibujo de gráficos, algoritmos de gráficos y estructuras de sufijos. 
649 |a XX 
650 |a Estructura de Datos 
650 |a Minería de Datos 
650 |a Optimización Matemática 
650 |a Teoría de Grafos 
650 |a Análisis Combinatorio 
650 |a Lógica Combinatoria 
650 |a Reconocimiento de Patrones 
650 |a Algoritmos Computacionales -  |x Tema Principal 
650 |a Algoritmos -  |x Congresos -  |x Tema Principal 
650 |a Ingeniería Computacional 
650 |a Matemáticas 
700 |a Gudmundsson, Joachim  |e (edición) 
700 |a Katajainen, Jyrki  |e (edición) 
856 4 0 |u https://link-springer-com.ezproxy.iteso.mx/10.1007/978-3-319-07959-2  |y Ver documento en línea 
910 |a Fondo General 
920 |a Electrónicos - Libros en Línea 
930 |a Plataforma Digital 
905 |a 205 
901 |a 556425-1  |b IT2  |c EBO  |i C172346  |u 20250521 
902 |a https://opac.biblio.iteso.mx/vufind/Record/000556425